Les 15 pays les plus innovants en 2024 - Statistiques

Statistiques générales
  • Ce quiz a été pris 35 fois
  • Le résultat moyen est 6 sur 15
Statistiques - réponses
Rang Continent Pays % Correct
3 Amérique Etats-Unis
83%
1 Europe Suisse
80%
2 Europe Suède
53%
11 Asie Chine
50%
13 Asie Japon
47%
14 Amérique Canada
43%
5 Europe Royaume-Uni
43%
4 Asie Singapour
40%
12 Europe France
33%
9 Europe Allemagne
20%
8 Europe Pays-Bas
17%
7 Europe Finlande
13%
15 Asie Israël
13%
10 Europe Danemark
10%
6 Europe Corée-du-Sud
3%
Aucun quiz correspondant
Distribution des résultats
% des personnes avec chaque résultat
Percentile par nombre de réponses
Votre historique - résultats
Vous n’avez pas pris ce quiz